Представление документа в формате RUSMARC

ПолеНазваниеЗначение
  Тип записи a
  Библиографический уровень m
001 Контрольный номер RU/SLIB/B/208703032
005 Дата корректировки 20241107091321.0
010 Индекс ISBN __
d Цена 53-30
101 Язык документа 0_
a Язык текста rus
c Язык оригинала rus
200 Заглавие и сведения об ответственности 1_
a Заглавие Международный труд
e Сведения, относящиеся к заглавию практ. пособие
f Первые сведения об ответственности И. Я. Киселев
b Общее обозначение материала Текст
210 Выходные данные 1_
a Место издания М.
c Издательство Юристъ
d Дата издания 1997
215 Физическое описание __
a Объем 232 с.
225 Серия 2_
a Серия Правовое регулирование труда и социального обеспечения
i Наименование части Комментарии, разьяснения, рекомендации
606 Тематические рубрики __
a Основная рубрика Право
z Хронологическая подрубрика 20 в.
606 Тематические рубрики __
a Основная рубрика Международное частное право
610 Ключевые слова 0_
a Ключевые слова международное частное право; международные трудовые отношения; трудовые отношения; международное законодательство; комментарии; рекомендации
686 Индексы других классификаций __
2 Код системы rubbks
a Классификационный индекс 67.93
700 Автор _1
a Фамилия Киселев
b Имя И. Я.
4 Код отношения 070
801 Источник записи _0
a Страна RU
b Организация Муниципальное бюджетное учреждение культуры "Централизованная библиотечная система" г. Сургут (Центральная городская библиотека им. А. С. Пушкина)
g Правила каталогизации ОБ/Смолякова
801 Источник записи _1
a Страна RU
b Организация Муниципальное бюджетное учреждение культуры "Централизованная библиотечная система" г. Сургут (Центральная городская библиотека им. А. С. Пушкина)
g Правила каталогизации ОБ/Смолякова
852 Данные о местонахождении __
j Шифр хранения 67.93
i Авторский знак К 44
p Инвентарный номер 71122
901 Тип документа __
t Тип документа m
903 Характеристики (МАРС) __
a Дата передачи 19990323
990 Данные о заказе (DOS) 00
j Количество экземпляров (DOS) 1
t N записи в КСУ для И/У (DOS) 199901